01275nam a22002057a 450000500170000000800410001702000180005804000070007604100080008308200140009110000230010524500160012826000290014430000240017336500620019752007510025965000200101065000190103065000200104920251205104253.0251201b |||||||| |||| 00| 0 eng d a9788199171251 cAL aeng a823bMARG aJuan Antonio March aGreat reset aNew DelhibVitastac2025 a298pbPBc20x13.5cm 2EnglishaXSTV-110978b396.00c₹d396.00e0%f27-11-2025 aHumanity stands at the edge of a revolution. At the heart of The Great Reset is Nour, a visionary AI expert, who reveals fifteen extraordinary breakthroughs across iconic global sites--each one a portal to a radically transformed tomorrow. Yet, every step toward innovation raises a haunting question: will our political structures evolve or stumble over time? Nour's journey moves toward a dramatic climax at a pivotal United Nations summit, where the blueprint for humanity's future hangs in the balance. In the tension of those international debates lies the possibility of a unified world or the chaos of irreparable division. The Great Reset is a gripping exploration of power, progress, and survival--of how one era ends and another begins. aEnglish Fiction aCTRL+ALT+HUMAN aScience Fiction